000 00509nam a2200181Ia 4500
005 20250508155115.0
008 008 250505s9999 xx 000 0 eng d
037 _aTextual
040 _aFEDL
_beng
_cFEDL
041 _aeng
_2eng
084 _a370.954, DEL
_qFEDL
245 0 _aReport of the working group on general education
260 _aDelhi, India
_bUniversity of Delhi
_c1964
300 _a25p.
650 _aEducation
942 _cTEXL
_h370.954, DEL
999 _c1354278
_d1354278